[Event "XLV Sevilla Open 2020"]
[Site "Sevilla"]
[Date "2020.01.11"]
[Round "2.7"]
[White "Harutyunian, Tigran K."]
[Black "Carrabeo Garcia, Manuel"]
[Result "1-0"]
[WhiteElo "2533"]
[BlackElo "1993"]
[Annotator "TA"]
[PlyCount "59"]
[EventDate "2020.01.05"]
[EventType "swiss"]
[EventCountry "ESP"]
[SourceTitle "playchess.com"]
[Source "ChessBase"]
[SourceQuality "1"]

{[%evp 19,59,18,52,56,72,34,72,76,68,77,71,65,91,57,62,64,54,47,59,49,60,10,27,0,0,-8,94,72,77,62,400,412,408,397,892,892,882,856,868,872,844,837]} 1. Nf3 Nf6 2. g3 d5 3. Bg2 c6 4. c4 Bf5 5. cxd5 cxd5 6. Qb3 Qb6 7. Qxb6 axb6 8. Nc3 {[%cal Bb1c3,Bc3b5,Bb5d4][%mdl 32]} e6 9. O-O Nc6 10. d3 h6 11. Nb5 {[#] Threatens to win with Nc7+. A11: English Opening: 1...c6} Ra5 (11... Kd7 12. Be3 Bc5 13. d4 Be7 14. Ne5+ Nxe5 15. dxe5 Ne4 16. Rfc1 Rhc8 17. Rxc8 Rxc8 18. Bxb6 Rc2 19. Bd4 Rxe2 {1-0 (38) Ding,L (2764)-Lu,S (2616) Shenzhen 2016}) 12. Nbd4 Bh7 13. Bd2 {White is better.} Ra4 14. Nb5 Kd7 15. Rfc1 $146 ({Predecessor:} 15. a3 Be7 16. Rac1 Rc8 17. Rc2 g5 18. Rfc1 Raa8 {0-1 (53) Breutigam,M (2413)-Balcerak,P (2366) Germany 2014}) 15... Bc5 16. b3 Raa8 17. b4 Be7 18. a3 Rhc8 19. Be3 $36 {[%mdl 2048] White has the initiative.} Bd8 20. Bf4 {With the idea Nd6.} g5 21. Bd2 Ne8 22. e4 d4 (22... Bf6 $11 {remains equal.} 23. exd5 Bxa1 24. Rxa1 exd5) 23. Rc4 Bf6 24. Rac1 Nd6 $2 {[%mdl 8192]} (24... g4 $14) 25. Nxd6 $18 Kxd6 26. b5 Ne7 $2 {[#]} (26... Kd7 27. bxc6+ bxc6) 27. e5+ $1 {[%mdl 512] White is clearly winning.} Bxe5 28. Bb4+ Rc5 29. Rxc5 bxc5 30. Bxc5+ {[%mdl 64] Double Attack. Accuracy: White = 53%, Black = 38%.} 1-0

[Event "XLV Sevilla Open 2020"]
[Site "Sevilla"]
[Date "2020.01.11"]
[Round "2.8"]
[White "Romero Garcia, Mariano"]
[Black "Shariyazdanov, Andrey"]
[Result "0-1"]
[WhiteElo "1981"]
[BlackElo "2519"]
[Annotator "TA"]
[PlyCount "72"]
[EventDate "2020.01.05"]
[EventType "swiss"]
[EventCountry "ESP"]
[SourceTitle "playchess.com"]
[Source "ChessBase"]
[SourceQuality "1"]

{[%evp 11,72,14,30,16,21,0,0,-18,-17,-26,0,-20,0,-69,-67,-59,-57,-101,-101,-100,-90,-100,-92,-100,-91,-81,-20,-79,-56,-47,-52,-56,-45,-70,-31,-65,-4,-106,-106,-117,-103,-140,-133,-185,-4,0,31,36,38,-54,-58,-49,-37,-68,0,-91,-91,-233,-222,-216,-215,-274,-239]} 1. e4 c5 2. Nf3 Nc6 3. Bb5 g6 4. Bxc6 bxc6 5. O-O Bg7 6. Re1 Nh6 7. d3 {B31: Sicilian: 2...Nc6 3 Bb5 g6} (7. c3 O-O 8. h3 f5 9. e5 Nf7 10. d4 cxd4 11. cxd4 c5 12. dxc5 Bb7 13. Na3 Qc7 14. Be3 Bxf3 15. Qxf3 Nxe5 {1-0 (40) Giri,A (2776)-Le,Q (2713) Bucharest 2019}) 7... O-O 8. h3 f6 9. Nc3 {The position is equal.} d6 10. Be3 Nf7 11. Qd2 f5 $146 ({Predecessor:} 11... e5 12. Nh2 f5 13. f3 f4 14. Bf2 Rb8 {0-1 (54) Mattsson,M (2020)-Lindh,F (2296) Tylosand 2018}) 12. Rad1 ({Better is} 12. exf5 $11 gxf5 13. Ng5) 12... e5 $1 $15 {Threatens to win with ...f4.} 13. exf5 gxf5 14. Bg5 Nxg5 15. Qxg5 Qxg5 16. Nxg5 Rb8 17. Na4 Bf6 18. Nf3 Be6 (18... Kf7 $17) 19. b3 (19. d4 $1 $11 e4 20. dxc5) 19... Bf7 20. Nd2 Rfd8 $36 {[%mdl 2048] Black has some pressure.} 21. Nc4 Kf8 22. Re3 Be6 23. Na5 Rdc8 {[#]} (23... f4 $15 24. Ree1 Bd7) 24. Nc4 (24. f4 $1 $11 {[%mdl 512] remains equal.}) 24... Ke7 $17 25. Rde1 Rg8 26. f4 {[%cal Rf4e5] [#]} e4 $1 {[%mdl 512] White must now prevent ...Bxc4.} 27. c3 (27. Na5 $17 {was necessary.} Kd7 28. Kh2) (27. dxe4 Bxc4) 27... d5 $2 (27... Bh4 $19 28. Rd1 Rg3) 28. dxe4 $11 fxe4 29. Nxc5 Bf5 30. Ne5 (30. Na5 $1 $14 Kf7 31. g4) 30... Kd6 $1 $15 {[%cal Rd6c5][%mdl 1024] Black has compensation.} 31. b4 {Hoping for Nf7+.} Rg7 32. Kf2 Rbg8 ({Black should play} 32... h5 $15) 33. g4 (33. Ng4 $1 $11 {keeps the balance.}) 33... Bh4+ $17 34. Ke2 (34. Kf1 $17) 34... Bxe1 $19 35. Kxe1 {[#]} Bc8 $1 36. a4 Rf8 {Accuracy: White = 15%, Black = 51%.} 0-1

[Event "XLV Sevilla Open 2020"]
[Site "Sevilla"]
[Date "2020.01.11"]
[Round "2.9"]
[White "Matamoros Franco, Carlos S."]
[Black "Saez Gabikagogeaskoa, Oscar **"]
[Result "1-0"]
[WhiteElo "2487"]
[BlackElo "1978"]
[Annotator "TA"]
[PlyCount "53"]
[EventDate "2020.01.05"]
[EventType "swiss"]
[EventCountry "ESP"]
[SourceTitle "playchess.com"]
[Source "ChessBase"]
[SourceQuality "1"]

{[%evp 19,63,34,56,41,53,55,43,19,66,52,60,54,94,108,93,82,84,89,134,144,182,116,108,113,202,186,200,203,193,191,181,118,277,190,353,335,395,270,372,329,345,356,451,430,544,550]} 1. d4 Nf6 2. Nf3 g6 3. g3 Bg7 4. Bg2 O-O 5. O-O d6 6. c4 Nbd7 7. Nc3 c5 8. b3 Rb8 9. Bb2 cxd4 10. Nxd4 Nc5 11. e4 {E65: King's Indian: Fianchetto: 6...c5 7 0-0 without d5 by White} (11. Qd2 Bd7 12. Rad1 a6 13. Rfe1 Qc7 14. e4 b5 15. b4 Na4 16. Nxa4 bxa4 17. a3 Rfd8 18. Rc1 e5 {1-0 (45) Xu,X (2574)-Wang,C (2495) Xinghua 2018}) 11... h5 $146 ({Predecessor:} 11... Ng4 12. Nc2 Ne5 13. Ne1 Bg4 14. f3 Bd7 15. h3 Qb6 16. Rf2 Be6 17. f4 Nc6 18. Kf1 d5 19. Nxd5 Bxd5 20. exd5 Nb4 21. Bxg7 Kxg7 22. Qd4+ Kg8 23. f5 Nd7 24. Qxb6 Nxb6 25. Be4 {½-½ (25) Pelin,A (1553)-Ciocan,M (1664) Calimanesti 2015}) 12. h3 a6 13. Re1 {White is slightly better.} Qc7 14. Rc1 e6 15. Qd2 Kh7 16. Rcd1 Bh6 17. Qc2 e5 18. Nf3 b5 19. b4 Ne6 {[#]} 20. Nd5 (20. c5 $1 $18 {[%mdl 512]}) 20... Nxd5 $16 21. exd5 Nd4 (21... Ng5 $16) 22. Nxd4 $18 ({Not} 22. Bxd4 exd4 23. Rxd4 Bf5 $14) 22... exd4 23. Rxd4 Bf5 {[#]} 24. Qc3 $1 {Hoping for g4.} Bg7 25. c5 (25. g4 $18 hxg4 26. hxg4 Bxg4 27. Bf3) 25... dxc5 $2 (25... Rbe8 $16 {might work better.} 26. Rc1 Be4) 26. bxc5 $40 {[%cal Bb4c5,Bc5c6][%mdl 160] Black must now prevent d6. White is out for blood.} b4 $2 (26... Rfe8) 27. Qc1 {Played: Qc3-c4} 1-0

[Event "XLV Sevilla Open 2020"]
[Site "Sevilla"]
[Date "2020.01.11"]
[Round "2.10"]
[White "Dominguez Delgado, Pablo"]
[Black "Gagare, Shardul"]
[Result "0-1"]
[WhiteElo "1975"]
[BlackElo "2481"]
[Annotator "TA"]
[PlyCount "78"]
[EventDate "2020.01.05"]
[EventType "swiss"]
[EventCountry "ESP"]
[SourceTitle "playchess.com"]
[Source "ChessBase"]
[SourceQuality "1"]

{[%evp 14,78,19,27,31,12,22,18,23,27,29,0,4,0,0,0,0,0,0,0,0,0,0,0,0,-37,-54,-40,-33,-50,-43,-39,-47,-57,-47,-44,-49,-145,-124,-122,-117,-112,-122,-112,-124,-158,-158,-129,-122,-151,-137,-425,-415,-520,-519,-504,-479,-474,-427,-1911,-1594,-29981,-29982,-29984,-2635,-29985,-29986]} 1. e4 e6 2. d4 d5 3. Nd2 c5 4. exd5 Qxd5 5. Ngf3 cxd4 6. Bc4 Qd8 7. O-O Nc6 8. Nb3 a6 {C07: French Tarrasch: 3...c5, 4 Ngf3 and 4 exd5 Qxd5} 9. Nbxd4 Nxd4 10. Nxd4 Qc7 {The position is equal.} 11. Bb3 (11. Bd3 Bd6 12. h3 Ne7 13. Qh5 Bd7 14. Re1 {½-½ (57) Vovk,A (2618)-Ganguly,S (2658) Douglas 2019}) 11... Bd6 12. h3 Ne7 13. Re1 O-O {[#]} 14. Re4 $146 ({Predecessor:} 14. c3) 14... Bd7 15. Qh5 Ng6 16. c3 Rae8 17. Bd2 Bh2+ 18. Kh1 Bf4 19. Rd1 e5 20. Nf3 Bc6 21. Ree1 Bxd2 22. Rxd2 {[#] Black must now prevent Ng5.} Nf4 23. Qg4 Kh8 24. Bc2 g6 25. Rdd1 (25. Red1 $15) 25... f5 $36 {[%mdl 2048] White is under strong pressure.} 26. Qg3 Nh5 27. Qg5 Bxf3 28. gxf3 Nf4 29. Qg3 Rd8 30. Rxd8 Rxd8 31. Qg5 {Hoping for Qf6+.} Rd2 {Strongly threatening ...Qd6.} 32. Bb3 $2 {[%mdl 8192]} (32. Re2 $17 {is the only way for White.} Nxe2 33. Qxd2) 32... Kg7 33. Qg3 Nd3 34. Rf1 Qc5 {[%cal Rd3f2]} 35. Kg1 Rxb2 36. Rd1 (36. Qh4 $142) 36... Rxf2 $19 37. Kh1 Qe3 38. Bd5 Qe2 (38... Ne1 $142 39. Rxe1 Qxe1+ 40. Qg1 {[#]} Rf1 $1 {[%mdl 512]} 41. Qxf1 Qxf1+ 42. Kh2 Qf2+ 43. Kh1 Kh6 44. f4 exf4 45. c4 Kg5 46. Bg2 Kh4 47. Bd5 Kxh3 48. Bxb7 Qh2#) 39. Rg1 f4 {Accuracy: White = 33%, Black = 92%.} 0-1

[Event "XLV Sevilla Open 2020"]
[Site "Sevilla"]
[Date "2020.01.11"]
[Round "2.11"]
[White "Swayams, Mishra"]
[Black "Ferrer Freyre, David"]
[Result "1-0"]
[WhiteElo "2479"]
[BlackElo "1968"]
[Annotator "TA"]
[PlyCount "101"]
[EventDate "2020.01.05"]
[EventType "swiss"]
[EventCountry "ESP"]
[SourceTitle "playchess.com"]
[Source "ChessBase"]
[SourceQuality "1"]

{[%evp 10,101,20,24,41,12,46,30,58,41,74,45,44,25,63,58,82,42,160,159,167,160,168,164,176,162,183,181,252,184,185,179,206,142,145,135,168,162,168,82,168,169,162,161,204,157,186,193,188,193,253,184,224,172,175,166,171,0,195,195,232,223,232,236,297,246,243,241,391,399,402,399,378,214,466,459,458,458,471,454,406,460,457,463,681,576,703,651,1125,1121,1106,1122,29982,29983]} 1. d4 Nf6 2. c4 e6 3. Nc3 Bb4 4. e3 Bxc3+ 5. bxc3 c5 6. Bd3 O-O {E41: Nimzo-Indian: Rubinstein: 4...c5 5 Bd3, including Hübner Variation} (6... Nc6 7. Nf3 d6 8. e4 e5 9. d5 Ne7 10. Nh4 h6 11. Qf3 Bg4 12. Qe3 g5 13. f3 Bd7 14. Nf5 Nxf5 15. exf5 Qa5 16. Bd2 O-O-O 17. g4 Rde8 18. O-O {½-½ (28) Khismatullin,D (2651)-Kovalenko,I (2700) Berlin 2015}) 7. Ne2 (7. dxc5 Na6 $15) 7... b6 8. e4 Bb7 {White has an edge.} 9. Ng3 d6 10. O-O Nc6 11. Be3 e5 $146 {[%cal Re5d4]} ({Predecessor:} 11... Rc8 12. Rc1 Ba6 13. e5 dxe5 14. dxc5 Na5 15. cxb6 axb6 16. Rb1 Rc6 {0-1 (42) Doknjas,J (2080)-Perske,T (2402) Gyor 2014}) 12. d5 Ne7 13. f4 Nd7 {[#]} ({Black should try} 13... exf4 $14 14. Bxf4 Qc7) 14. f5 $1 $16 f6 15. Qg4 Kh8 16. Rf3 Rf7 17. Raf1 b5 18. cxb5 Qa5 (18... Nb6 $142 19. Qh5 Qg8) 19. Ne2 Ng8 20. Qh5 Re7 21. Ra1 a6 22. b6 $40 {[%mdl 128] White wants a kill.} ({Don't play} 22. bxa6 $6 Bxa6 23. Rh3 (23. Bxa6 Qxa6 24. Ng3 Qc4 $11) 23... h6 $14) 22... Qxb6 23. Rb1 Qc7 24. Nc1 (24. c4 $18 {and White stays clearly on top.}) 24... Nf8 (24... c4 $16) 25. Rf2 Bc8 26. Rfb2 Nd7 27. Qe2 Ra7 28. Nb3 Ra8 29. Nd2 Ra7 (29... g6 {was called for.} 30. fxg6 hxg6) 30. Nf3 Rf7 31. Nh4 {Qh5! is the strong threat.} Ne7 32. Qh5 Kg8 33. Qe2 $2 (33. c4 $18) 33... Ra8 $2 (33... Kh8 $1 $11 {and Black stays safe.}) 34. Nf3 $18 Ra7 35. Nd2 Ra8 36. Nc4 Ra7 37. Qd1 a5 38. Na3 Ba6 (38... Qd8 $142 39. Nb5 Ra6) 39. Bxa6 Rxa6 40. Rb7 Qd8 41. Nb5 ({Less strong is} 41. Qh5 Rb6 $16) (41. Qf1 $142 Ra8 42. Qb5) 41... Nc8 $2 {[#]} (41... Rb6 {was necessary.}) 42. Nc7 $1 {[%cal Rc7a6]} ({Weaker is} 42. Qh5 Rb6 $16) 42... Rb6 43. Ne6 Qe8 44. Qa4 Rxb1+ 45. Rxb1 Re7 46. Qxa5 h6 (46... Nf8 $142 47. Rb8 Nd7) 47. h3 Kh7 48. Rb7 Ndb6 49. Rxb6 Nxb6 50. Qxb6 Qd7 51. Nf8+ {[%mdl 64] Double Attack. Accuracy: White = 56%, Black = 23%.} 1-0

[Event "XLV Sevilla Open 2020"]
[Site "Sevilla"]
[Date "2020.01.11"]
[Round "2.12"]
[White "Perez Bolanos, Joel"]
[Black "Alsina Leal, Daniel"]
[Result "0-1"]
[WhiteElo "1965"]
[BlackElo "2465"]
[Annotator "ChessBase"]
[PlyCount "72"]
[EventDate "2020.01.05"]
[EventType "swiss"]
[EventCountry "ESP"]
[SourceTitle "playchess.com"]
[Source "ChessBase"]
[SourceQuality "1"]
[TimeControl "5400+30"]

1. e4 {[%emt 0:00:00]} c5 {[%emt 0:00:00]} 2. Nc3 {[%emt 0:02:10]} d6 {[%emt 0:01:32]} 3. f4 {[%emt 0:02:24]} Nc6 {[%emt 0:00:17]} 4. Bb5 {[%emt 0:03:16]} Bd7 {[%emt 0:00:58]} 5. Nf3 {[%emt 0:01:48]} g6 {[%emt 0:02:29]} 6. O-O {[%emt 0:04:14]} Bg7 {[%emt 0:00:08]} 7. d3 {[%emt 0:02:30]} Nf6 {[%emt 0:05:49]} 8. Bxc6 {[%emt 0:08:36]} Bxc6 {[%emt 0:00:29]} 9. Qe1 {[%emt 0:00:56]} Qd7 {[%emt 0:06:19]} 10. f5 {[%emt 0:06:29]} gxf5 {[%emt 0:05:38]} 11. exf5 {[%emt 0:13:37]} Qxf5 {[%emt 0:22:12]} 12. Nd4 {[%emt 0:06:58]} Qd7 {[%emt 0:08:44]} 13. Nxc6 {[%emt 0:00:45]} Qxc6 {[%emt 0:02:14]} 14. Bg5 {[%emt 0:02:50]} Rg8 {[%emt 0:02:03]} 15. Qe2 {[%emt 0:06:05]} Kd7 {[%emt 0:06:05]} 16. Rae1 {[%emt 0:03:47]} Rae8 {[%emt 0:00:08]} 17. Bxf6 {[%emt 0:05:30]} Bxf6 {[%emt 0:03:48]} 18. Ne4 {[%emt 0:01:31]} Bd4+ {[%emt 0:03:54]} 19. Kh1 {[%emt 0:00:28]} d5 {[%emt 0:07:26]} 20. Nd2 {[%emt 0:08:23]} Bf6 {[%emt 0:00:58]} 21. c4 {[%emt 0:02:09]} dxc4 {[%emt 0:03:10]} 22. dxc4 {[%emt 0:01:40]} Rg7 {[%emt 0:03:34]} 23. Rxf6 {[%emt 0:05:53]} Qxf6 {[%emt 0:00:53]} 24. Ne4 {[%emt 0:00:08]} Qc6 {[%emt 0:01:37]} 25. Rd1+ {[%emt 0:00:16]} Kc8 {[%emt 0:01:39]} 26. Rd5 {[%emt 0:02:48]} b6 {[%emt 0:01:20]} 27. Qf3 {[%emt 0:00:34]} Rd8 {[%emt 0:03:42]} 28. Nc3 {[%emt 0:03:44]} Rxd5 {[%emt 0:00:34]} 29. Nxd5 {[%emt 0:00:08]} Kb7 {[%emt 0:01:14]} 30. Qf4 {[%emt 0:01:44]} e6 {[%emt 0:01:25]} 31. Qf6 {[%emt 0:00:06]} exd5 {[%emt 0:00:57]} 32. Qxg7 {[%emt 0:00:06]} Qg6 {[%emt 0:00:28]} 33. Qxg6 {[%emt 0:00:14]} fxg6 {[%emt 0:00:09]} 34. cxd5 {[%emt 0:00:05]} Kc7 {[%emt 0:00:05]} 35. Kg1 {[%emt 0:00:05]} Kd6 {[%emt 0:00:04]} 36. Kf2 {[%emt 0:00:04]} Kxd5 {[%emt 0:00:12]} 0-1

[Event "XLV Sevilla Open 2020"]
[Site "Sevilla"]
[Date "2020.01.11"]
[Round "2.13"]
[White "Ravi, Teja S."]
[Black "Herrera Oliva, Enrique"]
[Result "1-0"]
[WhiteElo "2464"]
[BlackElo "1961"]
[Annotator "ChessBase"]
[PlyCount "53"]
[EventDate "2020.01.05"]
[EventType "swiss"]
[EventCountry "ESP"]
[SourceTitle "playchess.com"]
[Source "ChessBase"]
[SourceQuality "1"]
[TimeControl "5400+30"]

1. d4 {[%emt 0:00:11]} f5 {[%emt 0:00:00]} 2. g3 {[%emt 0:00:19]} Nf6 {[%emt 0:00:00]} 3. Bg2 {[%emt 0:00:07]} g6 {[%emt 0:01:47]} 4. Nf3 {[%emt 0:02:48]} Bg7 {[%emt 0:00:48]} 5. O-O {[%emt 0:00:08]} O-O {[%emt 0:00:57]} 6. b3 {[%emt 0:00:05]} e6 {[%emt 0:02:13]} 7. Bb2 {[%emt 0:01:09]} d6 {[%emt 0:01:27]} 8. c4 {[%emt 0:02:18]} Qe7 {[%emt 0:05:38]} 9. Nc3 {[%emt 0:02:24]} a5 {[%emt 0:10:01]} 10. Re1 {[%emt 0:04:27]} Ne4 {[%emt 0:00:48]} 11. Qd3 {[%emt 0:15:36]} Nxc3 {[%emt 0:19:37]} 12. Bxc3 {[%emt 0:00:27]} Nc6 {[%emt 0:01:15]} 13. e4 {[%emt 0:07:56]} f4 {[%emt 0:13:15]} 14. e5 {[%emt 0:01:31]} g5 {[%emt 0:10:13]} 15. h4 {[%emt 0:03:13]} fxg3 {[%emt 0:05:33]} 16. fxg3 {[%emt 0:01:45]} gxh4 {[%emt 0:00:18]} 17. gxh4 {[%emt 0:08:38]} dxe5 {[%emt 0:00:26]} 18. Ng5 {[%emt 0:10:31]} Rf5 {[%emt 0:01:08]} 19. Bh3 {[%emt 0:12:00]} Rxg5+ {[%emt 0:00:25]} 20. hxg5 {[%emt 0:00:07]} Qxg5+ {[%emt 0:00:14]} 21. Kh1 {[%emt 0:00:16]} exd4 {[%emt 0:02:19]} 22. Rg1 {[%emt 0:00:32]} Qh4 {[%emt 0:02:31]} 23. Rg4 {[%emt 0:08:56]} Ne5 {[%emt 0:05:13]} 24. Rxg7+ {[%emt 0:00:27]} Kh8 {[%emt 0:09:17]} 25. Rag1 {[%emt 0:08:54]} Bd7 {[%emt 0:02:03]} 26. Bxd4 {[%emt 0:00:32]} Bc6+ {[%emt 0:00:16]} 27. R7g2 {[%emt 0:01:06]} 1-0

[Event "XLV Sevilla Open 2020"]
[Site "Sevilla"]
[Date "2020.01.11"]
[Round "2.14"]
[White "Skalli, Taoufik"]
[Black "Das, Arghyadip"]
[Result "0-1"]
[WhiteElo "1961"]
[BlackElo "2451"]
[Annotator "ChessBase"]
[PlyCount "56"]
[EventDate "2020.01.05"]
[EventType "swiss"]
[EventCountry "ESP"]
[SourceTitle "playchess.com"]
[Source "ChessBase"]
[SourceQuality "1"]
[TimeControl "5400+30"]

1. e4 c5 2. Nf3 a6 3. d4 cxd4 4. Nxd4 Nf6 5. Nc3 e5 6. Nf3 Bb4 7. Be2 Nxe4 8. O-O Bxc3 9. bxc3 d6 10. Ba3 Qc7 11. c4 Nd7 12. Re1 Ndc5 13. Bd3 Nf6 14. Qd2 O-O 15. Nh4 Nh5 16. Qg5 Nf4 17. Rad1 f6 18. Qg3 Kh8 19. Bxc5 dxc5 20. Be4 Be6 21. Bd5 Rad8 22. Qf3 Qf7 23. Bxb7 Bxc4 24. Rxd8 Rxd8 25. Rd1 Rxd1+ 26. Qxd1 Qxb7 27. Qd8+ Bg8 28. g3 Qb1+ 0-1

[Event "XLV Sevilla Open 2020"]
[Site "Sevilla"]
[Date "2020.01.11"]
[Round "2.15"]
[White "Panjwani, Raja"]
[Black "Manukonda, Arun"]
[Result "1-0"]
[WhiteElo "2444"]
[BlackElo "1959"]
[Annotator "ChessBase"]
[PlyCount "71"]
[EventDate "2020.01.05"]
[EventType "swiss"]
[EventCountry "ESP"]
[SourceTitle "playchess.com"]
[Source "ChessBase"]
[SourceQuality "1"]
[TimeControl "5400+30"]

1. d4 {[%emt 0:00:00]} d5 {[%emt 0:00:00]} 2. c4 {[%emt 0:00:00]} c6 {[%emt 0:00:00]} 3. Nf3 {[%emt 0:00:02]} Nf6 {[%emt 0:00:00]} 4. Qb3 {[%emt 0:00:21]} Qb6 {[%emt 0:00:12]} 5. Nc3 {[%emt 0:02:42]} Bf5 {[%emt 0:08:08]} 6. cxd5 {[%emt 0:09:16]} Qxb3 {[%emt 0:01:13]} 7. axb3 {[%emt 0:00:12]} Nxd5 {[%emt 0:00:13]} 8. e3 {[%emt 0:02:41]} Nb4 {[%emt 0:03:19]} 9. Kd2 {[%emt 0:03:14]} e6 {[%emt 0:10:42]} 10. e4 {[%emt 0:09:03]} Bg6 {[%emt 0:00:53]} 11. h4 {[%emt 0:01:56]} h6 {[%emt 0:02:23]} 12. Ne5 {[%emt 0:01:24]} Bh7 {[%emt 0:00:02]} 13. f3 {[%emt 0:12:45]} Bd6 {[%emt 0:06:49]} 14. Nc4 {[%emt 0:01:48]} Bc7 {[%emt 0:06:10]} 15. Na2 {[%emt 0:07:41]} N8a6 {[%emt 0:03:01]} 16. Kc3 {[%emt 0:06:23]} c5 {[%emt 0:13:11]} 17. dxc5 {[%emt 0:01:00]} Nxa2+ {[%emt 0:03:04]} 18. Rxa2 {[%emt 0:00:15]} Nxc5 {[%emt 0:00:02]} 19. Be3 {[%emt 0:01:19]} b6 {[%emt 0:00:39]} 20. Bxc5 {[%emt 0:00:58]} bxc5 {[%emt 0:00:02]} 21. Bd3 {[%emt 0:03:47]} O-O {[%emt 0:01:23]} 22. Rha1 {[%emt 0:02:13]} Bg3 {[%emt 0:00:36]} 23. h5 {[%emt 0:00:21]} f5 {[%emt 0:00:49]} 24. Rxa7 {[%emt 0:04:57]} Rxa7 {[%emt 0:01:07]} 25. Rxa7 {[%emt 0:00:06]} fxe4 {[%emt 0:00:06]} 26. fxe4 {[%emt 0:01:33]} Kh8 {[%emt 0:07:49]} 27. Re7 {[%emt 0:04:37]} Bg8 {[%emt 0:08:09]} 28. e5 {[%emt 0:01:35]} Bh4 {[%emt 0:01:19]} 29. Rc7 {[%emt 0:00:48]} Bf2 {[%emt 0:00:45]} 30. Bg6 {[%emt 0:00:47]} Rd8 {[%emt 0:02:42]} 31. Kc2 {[%emt 0:00:20]} Bd4 {[%emt 0:00:44]} 32. Rc6 {[%emt 0:01:54]} Rf8 {[%emt 0:00:29]} 33. Kd3 {[%emt 0:00:41]} Rb8 {[%emt 0:01:41]} 34. Ke4 {[%emt 0:02:09]} Rxb3 {[%emt 0:01:39]} 35. Rc8 {[%emt 0:00:10]} Rg3 {[%emt 0:03:31]} 36. Nd6 {[%emt 0:03:47]} 1-0

[Event "XLV Sevilla Open 2020"]
[Site "Sevilla"]
[Date "2020.01.11"]
[Round "2.16"]
[White "Hurtado Rueda, Manuel"]
[Black "Chen, Qi b"]
[Result "0-1"]
[WhiteElo "1955"]
[BlackElo "2432"]
[Annotator "ChessBase"]
[PlyCount "76"]
[EventDate "2020.01.05"]
[EventType "swiss"]
[EventCountry "ESP"]
[SourceTitle "playchess.com"]
[Source "ChessBase"]
[SourceQuality "1"]
[TimeControl "5400+30"]

1. e4 {[%emt 0:06:03]} c5 {[%emt 0:00:00]} 2. Nf3 {[%emt 0:00:19]} d6 {[%emt 0:00:00]} 3. Bc4 {[%emt 0:00:19]} Nf6 {[%emt 0:01:47]} 4. Qe2 {[%emt 0:04:13]} Nc6 {[%emt 0:06:32]} 5. h3 {[%emt 0:00:23]} e6 {[%emt 0:01:52]} 6. O-O {[%emt 0:06:37]} a6 {[%emt 0:03:00]} 7. a4 {[%emt 0:00:11]} Be7 {[%emt 0:00:26]} 8. d4 {[%emt 0:07:29]} cxd4 {[%emt 0:02:12]} 9. Rd1 {[%emt 0:02:26]} Qb6 {[%emt 0:07:50]} 10. c3 {[%emt 0:00:33]} dxc3 {[%emt 0:00:55]} 11. Nxc3 {[%emt 0:00:23]} O-O {[%emt 0:00:12]} 12. Be3 {[%emt 0:01:13]} Qa5 {[%emt 0:01:23]} 13. Bf4 {[%emt 0:04:46]} Rd8 {[%emt 0:01:04]} 14. Rac1 {[%emt 0:16:29]} Ne5 {[%emt 0:05:50]} 15. Nd2 {[%emt 0:09:23]} Bd7 {[%emt 0:01:44]} 16. Nb3 {[%emt 0:28:38]} Qb4 {[%emt 0:00:12]} 17. Rd4 {[%emt 0:01:35]} Nxc4 {[%emt 0:01:46]} 18. Qxc4 {[%emt 0:04:04]} Qxc4 {[%emt 0:00:04]} 19. Rxc4 {[%emt 0:00:01]} b5 {[%emt 0:01:04]} 20. axb5 {[%emt 0:00:17]} axb5 {[%emt 0:00:03]} 21. Rc7 {[%emt 0:00:28]} b4 {[%emt 0:00:34]} 22. Ne2 {[%emt 0:01:12]} Nxe4 {[%emt 0:00:11]} 23. f3 {[%emt 0:00:31]} Nf6 {[%emt 0:00:11]} 24. Rb7 {[%emt 0:00:36]} Nd5 {[%emt 0:00:23]} 25. Bd2 {[%emt 0:00:47]} Rab8 {[%emt 0:00:28]} 26. Ra7 {[%emt 0:00:20]} Ra8 {[%emt 0:00:45]} 27. Rb7 {[%emt 0:00:02]} Bc8 {[%emt 0:00:13]} 28. Rxb4 {[%emt 0:04:10]} Nxb4 {[%emt 0:00:05]} 29. Bxb4 {[%emt 0:00:02]} Bd7 {[%emt 0:01:16]} 30. Rd1 {[%emt 0:00:40]} Rab8 {[%emt 0:00:38]} 31. Ba5 {[%emt 0:00:48]} Rxb3 {[%emt 0:00:16]} 32. Bxd8 {[%emt 0:00:08]} Bxd8 {[%emt 0:00:06]} 33. Rxd6 {[%emt 0:00:11]} Rb7 {[%emt 0:00:03]} 34. Nc3 {[%emt 0:00:22]} Kf8 {[%emt 0:00:24]} 35. b3 {[%emt 0:00:25]} Ke7 {[%emt 0:00:35]} 36. Rd3 {[%emt 0:00:56]} Bc6 {[%emt 0:00:03]} 37. Ne4 {[%emt 0:00:14]} Bxe4 {[%emt 0:00:08]} 38. fxe4 {[%emt 0:00:03]} Rb4 {[%emt 0:00:03]} 0-1

[Event "XLV Sevilla Open 2020"]
[Site "Sevilla"]
[Date "2020.01.11"]
[Round "2.17"]
[White "Pap, Misa"]
[Black "Gentes Benito, Mauricio"]
[Result "1-0"]
[WhiteElo "2427"]
[BlackElo "1951"]
[Annotator "ChessBase"]
[PlyCount "51"]
[EventDate "2020.01.05"]
[EventType "swiss"]
[EventCountry "ESP"]
[SourceTitle "playchess.com"]
[Source "ChessBase"]
[SourceQuality "1"]
[TimeControl "5400+30"]

1. e4 c5 2. Nf3 e6 3. d4 cxd4 4. Nxd4 a6 5. Nc3 Qc7 6. Qf3 Nc6 7. Be3 Nf6 8. O-O-O Ne5 9. Qg3 d6 10. f4 Neg4 11. Bg1 b5 12. a3 Bd7 13. h3 Nh6 14. Qf3 Rc8 15. Bd3 Be7 16. g4 e5 17. Nde2 Nhxg4 18. hxg4 Bxg4 19. Qg3 h5 20. Rd2 Qa5 21. fxe5 b4 22. axb4 Qa1+ 23. Nb1 Nd7 24. exd6 Bf6 25. Bd4 Bxe2 26. Bxe2 1-0